ბათუმის შოთა რუსთაველის სახელმწიფო უნივერსიტეტის ბიბლიოთეკა

A History of Georgia / (ბიბ.ჩანაწერი № 57512)

000 -LEADER
fixed length control field 01161pam a2200313 a 4500
001 - CONTROL NUMBER
control field 1998772
005 - DATE AND TIME OF LATEST TRANSACTION
control field 20200701112515.0
008 - FIXED-LENGTH DATA ELEMENTS--GENERAL INFORMATION
fixed length control field 900614s1991 gauab b s001 0 eng
010 ## - LIBRARY OF CONGRESS CONTROL NUMBER
LC control number 90041759
020 ## - INTERNATIONAL STANDARD BOOK NUMBER
International Standard Book Number 082031269X (pbk. : alk. paper) :
Terms of availability $18.00
020 ## - INTERNATIONAL STANDARD BOOK NUMBER
International Standard Book Number 0820312681 (cloth : alk. paper) :
Terms of availability $35.00
040 ## - CATALOGING SOURCE
Original cataloging agency DLC
Transcribing agency DLC
Modifying agency DLC
041 ## - LANGUAGE CODE
Language code of text/sound track or separate title eng
043 ## - GEOGRAPHIC AREA CODE
Geographic area code n-us-ga
050 00 - LIBRARY OF CONGRESS CALL NUMBER
Classification number F286
Item number .H58 1991
080 ## - UNIVERSAL DECIMAL CLASSIFICATION NUMBER
Universal Decimal Classification number 94(479.22) A-10
082 00 - DEWEY DECIMAL CLASSIFICATION NUMBER
Classification number 975.8
Edition number 20
245 02 - TITLE STATEMENT
Title A History of Georgia /
Statement of responsibility, etc. Kenneth Coleman, general editor ... [et al.].
250 ## - EDITION STATEMENT
Edition statement 2nd ed.
260 ## - PUBLICATION, DISTRIBUTION, ETC.
Place of publication, distribution, etc. Athens :
Name of publisher, distributor, etc. University of Georgia Press,
Date of publication, distribution, etc. c1991.
300 ## - PHYSICAL DESCRIPTION
Extent xvi, 461 p. :
Other physical details ill., maps ;
Dimensions 23 cm.
504 ## - BIBLIOGRAPHY, ETC. NOTE
Bibliography, etc. note Includes bibliographical references (p. [416]-437) and index.
651 #0 - SUBJECT ADDED ENTRY--GEOGRAPHIC NAME
Geographic name Georgia
General subdivision History.
9 (RLIN) 8925
653 ## - INDEX TERM--UNCONTROLLED
keyword საქართველოს ისტორია
700 1# - ADDED ENTRY--PERSONAL NAME
Personal name Coleman, Kenneth.
Relator term რედაქტორი
9 (RLIN) 8926
906 ## - LOCAL DATA ELEMENT F, LDF (RLIN)
a 7
b cbc
c orignew
d 1
e ocip
f 19
g y-gencatlg
942 ## - ADDED ENTRY ELEMENTS (KOHA)
Source of classification or shelving scheme
Koha item type წიგნი
ეგზემპლარები
Withdrawn status Lost status Source of classification or shelving scheme Damaged status Not for loan Permanent Location Current Location Shelving location Date acquired Cost, normal purchase price Full call number Barcode Date last seen Copy number Price effective from Koha item type Public note
          ბათუმის შოთა რუსთაველის სახელმწიფო უნივერსიტეტის მთავარი ბიბლიოთეკა ბათუმის შოთა რუსთაველის სახელმწიფო უნივერსიტეტის მთავარი ბიბლიოთეკა წიგნსაცავი 2020-07-01 101.00 94(479.22) A-10 60705 2020-07-01 60705 2020-07-01 წიგნი 101 ლ.